000
00295nam a2200121Ia 4500
008
190216s9999||||xx |||||||||||||| ||und||
100
_a
Dr.Arunachadurvedi
245
0
_a
Hindi-Samaj Shashthr Digdarshan
260
_b
Pink City Publishers
_c
2010
300
_a
344
650
_a
Hindi
942
_c
BK
999
_c
16889
_d
16889